000 00428nam a2200169Ia 4500
005 20250423100258.0
008 250422s9999 xx 000 0 und d
020 _a1555835740
050 _aPN 6231 .H57 F678/
100 _aFord, Michael Thomas.
245 0 _aMy big fat queer life :the best of Michael Thomas Ford
260 _aLos Angeles
260 _bAlyson Books
260 _c2003
300 _a299 p
942 _cBK
999 _c32820
_d32820